000 00950cam a22002894a 4500
001 16334662
003 OSt
005 20150408114102.0
008 100715s2010 enka b 001 0 eng
010 _a 2010455281
020 _a9780230233218 (paper)
040 _aDLC
_cDLC
_dDLC
042 _apcc
050 0 0 _aHG173
_b.P535 2010
082 0 0 _a332
_222
100 1 _aPilbeam, Keith,
_d1961-
_917779
245 1 0 _aFinance & financial markets /
_cKeith Pilbeam.
246 3 _aFinance and financial markets
250 _a3rd ed.
260 _aBasingstoke, Hampshire ;
_aNew York :
_bPalgrave Macmillan,
_c2010.
300 _axxvi, 518 p. :
_bill. ;
_c24 cm.
504 _aIncludes bibliographical references (p. 513-518) and index.
650 0 _aFinance.
650 0 _aFinancial institutions.
_97571
942 _2ddc
_cBOOK
999 _c26201
_d260701